000 00793nam a2200265 4500
001 17472
003 BD-RjUL
005 20211209000139.0
008 140217s1974 inu b 001 0 eng d
020 _a0672613514
035 _a(BD-RjUL)17530
040 _aDLC
_cDLC
_dDLC
_dBD-RjUL
_beng
041 _aeng
082 0 0 _a327.73
_bCAC 1974
245 1 0 _aCaging the bear :
_bcontainment and the cold war /
_cedited by Charles Gati.
260 _aIndianapolis :
_bBobbs-Merrill,
_c1974.
300 _axxvi, 228 p. :
_c23 cm.
504 _aIncludes bibliographical references and index.
650 0 _aCold War.
_910832
651 0 _aUnited States
_xForeign relations
_y1945-1989.
_96783
700 1 _aGati, Charles,
_953866
942 _2ddc
_cBK
999 _c17472
_d17472